000 00865nam a2200253Ia 4500
003 OSt
005 20221005111726.0
006 a|||||r|||| 00| 0
007 ta
008 221004b |||||||| |||| 00| 0 hin d
024 _a109362
037 _cTextual
040 _aCRL
_cCRL
_bhin
041 _2hin
_ahin
082 _aO152,2:gN, M9
100 _aबापट, विजय
245 0 _aप्रसादोत्तर नाट्य - साहित्य
246 _aPrasādottar nāṭya - sāhitya
260 _aभोपाल
_bमध्यप्रदेश हिन्दी ग्रन्थ अकादमी भारत
_c1989
300 _a239पृ0
_ccm.
650 _aहिन्दी साहित्य
942 _hO152,2:gN, M9
_cTEXL
_2cc
999 _c1022707
_d1022707